000 00210nam a2200085Ia 4500
008 170617s9999 xx 000 0 und d
100 _aWILLARD- HOBART
245 0 _aINSTRUMENTAL METHODS OF ANAYSIS
260 _bN. DELHI- CBS
260 _c2009
999 _c15910
_d15910